| 000 | 01080cam a2200361M 4500 | ||
|---|---|---|---|
| 001 | 84624 | ||
| 005 | 20230410103902.0 | ||
| 008 | 091205s1998 mdu 000 u eng d | ||
| 035 | _a(OCoLC)ocn472890005 | ||
| 040 |
_aDKDLA _bdan _cDKDLA |
||
| 020 | _a080185928X | ||
| 020 | _a9780801859281 | ||
| 029 | 0 |
_aDKDLA _b23756165 |
|
| 035 | _a(OCoLC)472890005 | ||
| 050 | 1 | 4 |
_a416 DS 126.6 _bP437f 1998 |
| 082 | 0 | 0 | _a956.9405/092 |
| 049 | _aGRAL | ||
| 100 | 1 |
_aPeres, Shimon, _d1923-. |
|
| 245 | 1 | 0 |
_aFor the future of Israel / _cShimon Peres and Robert Littell. |
| 260 |
_aBaltimore : _bJohns Hopkins University Pres, _c1998. |
||
| 300 |
_axiv, 206 p. : _bill. ; _c24 cm. |
||
| 600 | 1 | 0 |
_aPeres, Shimon, _d1923- _vInterviews. |
| 650 | 0 |
_aStatesmen _zIsrael _vInterviews. |
|
| 651 | 0 |
_aIsrael _xPolitics and government. |
|
| 650 | 0 | _aArab-Israeli conflict. | |
| 600 | 1 | 4 | _aPeres, Shimon. |
| 651 | 4 |
_aIsrael _xPolĂtica y gobierno. |
|
| 650 | 4 | _aConflicto arabe-israeli. | |
| 700 | 1 |
_aLittell, Robert, _d1935- |
|
| 942 |
_2lcc _cbk |
||
| 946 | _amm | ||
| 994 |
_aC0 _bDRFGD |
||
| 999 |
_c27759 _d27759 |
||